000 00219 a2200097 4500
001 58591
100 _a
245 _aEngineering Graphic Fundamentals
260 _aSingapore
_bMc Graw Hill
_c1995
090 _c35945
_d35945
942 _aNUST-CAE
_c
_c28830
999 _c293664
_d293664